000 00225 a2200097 4500
001 42506
100 _aHalperin H
245 _aContemporary military strategy
260 _aLondon
_bFaber and Faber
_c
090 _c26419
_d26419
942 _aNUST-CAE
_cM
_c18246
999 _c277579
_d277579